Azulunala : La patria de la infancia
La infancia, para muchos, ha quedado lejos. Para rescatar o respirar algo de ella, sin lugar a dudas, el arte es el camino. Azulunala presenta a niños que crean, juegan e indagan en la creación artística desde la inocencia. Con pinceles, colores, instrumentos musicales, recortes y plastilinas, ellos...
Guardado en:
| Autores Corporativos: | , , , |
|---|---|
| Otros Autores: | , |
| Formato: | |
| Idioma: | Undetermined |
| Publicado: |
Buenos Aires :
Canal Encuentro,
2007.
|
| Series: | Colección Encuentro ;
9 |
| Materias: | |
| Etiquetas: |
Agregar Etiqueta
Sin Etiquetas, Sea el primero en etiquetar este registro!
|
| LEADER | 02447ngm a22003015a 4500 | ||
|---|---|---|---|
| 001 | CEM.cems021040 | ||
| 008 | 240417s2007####ag#---############vlund#d | ||
| 005 | 20240417195247.0 | ||
| 245 | 1 | 0 | |a Azulunala : |b La patria de la infancia |h [videograbación] / |c Canal Encuentro. |
| 260 | |a Buenos Aires : |b Canal Encuentro, |c 2007. | ||
| 300 | |a 30'. | ||
| 490 | 1 | |a Colección Encuentro ; |v 9 | |
| 520 | |a La infancia, para muchos, ha quedado lejos. Para rescatar o respirar algo de ella, sin lugar a dudas, el arte es el camino. Azulunala presenta a niños que crean, juegan e indagan en la creación artística desde la inocencia. Con pinceles, colores, instrumentos musicales, recortes y plastilinas, ellos crean la patria de su infancia. A su vez, artistas consagrados recuerdan su infancia y los indicios que en esos primeros años les revelaron su vocación. -- Los capítulos de Azulunala se denominan La patria de la infancia. En cada uno de ellos hay un invitado que nos cuenta sus vivencias de niño: | ||
| 505 | 0 | |a CAPÍTULOS INCLUÍDOS EN EL DVD -- 1. Carlos Nine / Esculturas en Chaco / Escuela Comedia Musical. Julio Bocca -- 2. Sara Bianchi / Coro La Plata / Danza folclórica de Unquillo -- 3. Paloma Herrera /Niños copleros de Jujuy / Orquesta de Villa Lugano -- 4. Sendra / Elaboración de títeres en Neuquen / Escuela de cine para niños -- 5. Eduardo Gil / Teatro / Niños pintores en la Quebrada de Humahuaca -- 6. Enrique Pinti / Taller de cerámica mapuche / Visita al Museo Malba (Bs. As.) -- MICROS INCLUIDOS EN ESTE DVD -- DIEZ MINUTOS DE HISTORIA -- El barrio de Quinquela - Juanito Laguna: serie pictórica de Antonio Berni -- MICROS AZULUNALA - Momentos azulunala: Alan - Momentos azulunala: Sofía - Momentos azulunala: Tomás -- Ideas para el aula -- Duración aproximada por capítulo 30' . Duración total aproximada: 200' | |
| 538 | |a Soporte: DVD - Formato: DVD Peso: 4.14gb - Resolución: 720 x 576 - 25fps | ||
| 110 | 2 | |a Canal Encuentro. | |
| 700 | 1 | |a Rur, Miguel; Productora delegada. | |
| 700 | 1 | |a Gómez Ortega, Mateo; Dirección general del proyecto. | |
| 710 | 2 | |a Ministerio de Educación Ciencia y Tecnología. | |
| 710 | 2 | |a Educ.ar. | |
| 710 | 2 | |a Universidad Nacional La Matanza. | |
| 653 | |a ARGENTINA | ||
| 653 | |a TEATRO | ||
| 653 | |a ARTE | ||
| 653 | |a INFANCIAS | ||
| 653 | |a ARTISTAS | ||
| 653 | |a ARTES VISUALES | ||
| 859 | |a CEMS |b BIB. CEMS - Depto. Recursos Didacticos |h 982 |i ENC- 9 |k DRD |p 3365.24 |t Ej.1 | ||
